2. Sitzung des Arbeitskreises "Freizet -und Fremdenverkehrsgeographie" Teil I, Fremdenverkehr und Binnenerholung in islamischen Landern. Teil II, Theoretische und praktische Beitrage zur Fremdenverkehrsgeographie
Αποθηκεύτηκε σε:
| Συλλογικό Έργο: | , |
|---|---|
| Άλλοι συγγραφείς: | , |
| Μορφή: | Βιβλίο |
| Γλώσσα: | German |
| Δημοσίευση: |
Berlin :
Verlag fur universitare Kommunikation ,
c1990
|
| Σειρά: | Berichte und Materialien ;
; 4 |
| Θέματα: | |
| Ετικέτες: |
Προσθήκη ετικέτας
Δεν υπάρχουν, Καταχωρήστε ετικέτα πρώτοι!
|
MARC
| LEADER | 00000nam a2200000 i 4500 | ||
|---|---|---|---|
| 001 | 1/75935 | ||
| 008 | 990326s1990 ger d | ||
| 020 | |a 3928077066 | ||
| 035 | |l 10049470 | ||
| 040 | |a GR-MY-UA |b gre |e aacr | ||
| 041 | 0 | |a ger | |
| 082 | 0 | |a 338.4791 | |
| 110 | 2 | |a Sitzung des Arbeitskreises "Freizet - und Fremdenverkehrsgeographie". | |
| 245 | 1 | 0 | |a 2. Sitzung des Arbeitskreises "Freizet -und Fremdenverkehrsgeographie" / |c Wigand Ritter und Gerd Mielitz. |n Teil I, |p Fremdenverkehr und Binnenerholung in islamischen Landern. |n Teil II, |p Theoretische und praktische Beitrage zur Fremdenverkehrsgeographie |
| 260 | |a Berlin : |b Verlag fur universitare Kommunikation , |c c1990 | ||
| 300 | |a 203 s. | ||
| 490 | 1 | |a Berichte und Materialien |v ; 4 |x 09344276 | |
| 650 | 0 | 0 | |a Tourism |x Congresses. |
| 700 | 0 | |a Ritter, Wigand. |4 edt | |
| 700 | 0 | |a Mielitz, Gerd. |4 edt | |
| 710 | 1 | |a Freie Universitat Berlin Institut fur Tourismus. | |
| 830 | 0 | |a Berichte und Materialien ; |v ; 4 |x 09344276 | |
| 852 | |a INST |b CHIOS |e 19990326 |h 338.4791 SIT |p 005200014510 |q 005200014510 |t BK |y 0 | ||
| 901 | |a BIBL-1999-1 | ||
| 909 | |a Χ |b 055662 | ||
| 922 | |a 2ΔΩΡ |b 199903 |c ΜΕΤΑΠΤΥΧΙΑΚΟ ΤΟΥΡΙΣΜΟΥ |d GLORYBOOK-ECONOMIST | ||